000 00604nam a2200241Ia 4500
003 OSt
005 20221005095109.0
006 a|||||r|||| 00| 0
007 ta
008 221004b |||||||| |||| 00| 0 eng d
024 _a68428
037 _cTextual
040 _aCRL
_cCRL
_beng
041 _2eng
_aeng
082 _aY, M6
100 _aHekman Susan J
245 0 _aHermeneutics and the sociology of knowledge
260 _aOxford
_bPolity
_c1986
300 _a224p.
_ccm.
650 _aSOCIOLOGY
942 _hY, M6
_cTEXL
_2cc
999 _c1003007
_d1003007